00752 2200205 4500001002100000005001500021008004100036020001600077035001900093041000800112082001100120084001700131100002100148245004800169260003600217300001500253520023100268650002400499650002300523INLIS00000000000189520200508201644200508||||||||| | ||| |||| ||eng|| a0421927707x 0010-0520001895 aeng0 a349.42 a349.42/GRE/S0 aDaniel Greenberg00aStroud's Judicial Dictionary of Words 07155 aLondonbSweet and Maxwellc2006 a937-1924.; aCompared to one edition before, this dictionary is better in examining a number of old entries to confirm their accuracy and to re-organize them to facilitate logical and efficient searching in legislation and legal documents. 0a1. Law - Dictionary 0a2. Law Terminology